000 00917nam a22002417a 4500
005 20240530110534.0
008 160327s2013 ua g b 000 f ara d
017 _a2012/21984
_bمصر . دار الكتب المصرية
020 _a9789774990786
040 _aEG-CaGPL
082 0 4 _221
_a813.009\
_bهـ ص
100 0 _aهويدا صالح
245 1 0 _aصورة المثقف فى الرواية الجديدة :
_bالطرائق السردية /
_cهويدا صالح
250 _aط1
260 _aالقاهرة :
_bرؤية للنشر و التوزيع ،
_c2013 .
300 _a228 ص ؛
_c19 سم .
490 _aسلسلة النقد العربى ؛
_v2
504 _aيشتمل على ارجاعات ببليوجرافية
650 0 4 _aالادب العربى
650 0 4 _aالقصص العربية
_xتاريخ و نقد
942 _2ddc
_cBK
999 _c62143
_d62143